<?xml version="1.0" encoding="UTF-8"?>
<record
    xmlns:xsi="http://www.w3.org/2001/XMLSchema-instance"
    xsi:schemaLocation="http://www.loc.gov/MARC21/slim http://www.loc.gov/standards/marcxml/schema/MARC21slim.xsd"
    xmlns="http://www.loc.gov/MARC21/slim">

  <leader>02098nam a2200385 i 4500</leader>
  <controlfield tag="001">60434</controlfield>
  <controlfield tag="003">ES-MaACL</controlfield>
  <controlfield tag="005">20250901063118.0</controlfield>
  <controlfield tag="007">t|</controlfield>
  <controlfield tag="008">031104e1979    sp     |r     00110dspa  </controlfield>
  <datafield tag="017" ind1=" " ind2=" ">
    <subfield code="a">M 122-1979 </subfield>
    <subfield code="b">Oficina Dep&#xF3;sito Legal Madrid </subfield>
  </datafield>
  <datafield tag="020" ind1=" " ind2=" ">
    <subfield code="a">84-276-0466-1</subfield>
  </datafield>
  <datafield tag="040" ind1=" " ind2=" ">
    <subfield code="c">ES-MaACL</subfield>
  </datafield>
  <datafield tag="080" ind1=" " ind2=" ">
    <subfield code="a">342.518(460)"1823"(093) </subfield>
  </datafield>
  <datafield tag="080" ind1=" " ind2=" ">
    <subfield code="a">342.518(460)"17" </subfield>
  </datafield>
  <datafield tag="080" ind1=" " ind2=" ">
    <subfield code="a">35(460)"17" </subfield>
  </datafield>
  <datafield tag="080" ind1=" " ind2=" ">
    <subfield code="a">32(460)"17"(093.2)</subfield>
  </datafield>
  <datafield tag="100" ind1="1" ind2=" ">
    <subfield code="a">Escudero, Jos&#xE9; Antonio,</subfield>
    <subfield code="d">1936-</subfield>
    <subfield code="e">aut</subfield>
    <subfield code="9">239313</subfield>
  </datafield>
  <datafield tag="245" ind1="1" ind2="4">
    <subfield code="a">Los or&#xED;genes del Consejo de Ministros en Espa&#xF1;a : </subfield>
    <subfield code="b">la Junta Suprema de Estado /</subfield>
    <subfield code="c">Jos&#xE9; Antonio Escudero</subfield>
  </datafield>
  <datafield tag="260" ind1=" " ind2=" ">
    <subfield code="a">Madrid : </subfield>
    <subfield code="b">Editora Nacional, </subfield>
    <subfield code="c">[1979]</subfield>
  </datafield>
  <datafield tag="300" ind1=" " ind2=" ">
    <subfield code="a">2 vol&#xFA;menes ; </subfield>
    <subfield code="c">24 cm</subfield>
  </datafield>
  <datafield tag="500" ind1=" " ind2=" ">
    <subfield code="a">Ap&#xE9;ndice documental (v. II)  </subfield>
  </datafield>
  <datafield tag="500" ind1=" " ind2=" ">
    <subfield code="a">&#xCD;ndice</subfield>
  </datafield>
  <datafield tag="504" ind1=" " ind2=" ">
    <subfield code="a">Bibliograf&#xED;a (v. I)</subfield>
  </datafield>
  <datafield tag="520" ind1=" " ind2=" ">
    <subfield code="a">Jos&#xE9; Antonio Escudero reconstruye la aparici&#xF3;n y evoluci&#xF3;n del r&#xE9;gimen ministerial a lo largo del siglo XVIII, por lo que es una obra de consulta obligada para conocer las reformas borb&#xF3;nicas y la sucesi&#xF3;n de los ministros y ministerios en esa centuria; un cl&#xE1;sico de la historia de la Administraci&#xF3;n. Este libro estudia los or&#xED;genes del r&#xE9;gimen ministerial en Espa&#xF1;a y examina c&#xF3;mo fue el despacho del rey con los ministros en las distintas &#xE9;pocas, desde el despacho individual e informal al principio, hasta el colectivo y sistematizado despu&#xE9;s con todos los miembros del Gabinete. Or&#xED;genes del r&#xE9;gimen ministerial espa&#xF1;ol, pues, y or&#xED;genes del despacho reglado y colectivo, que se llam&#xF3; Junta Suprema de Estado en 1787 y Consejo de Ministros en 1823 </subfield>
  </datafield>
  <datafield tag="610" ind1="1" ind2="4">
    <subfield code="a">Espa&#xF1;a. </subfield>
    <subfield code="b">Consejo de Ministros-</subfield>
    <subfield code="v">Historia</subfield>
    <subfield code="9">152928</subfield>
  </datafield>
  <datafield tag="650" ind1=" " ind2="4">
    <subfield code="a">Secretarios de Estado-</subfield>
    <subfield code="z">Espa&#xF1;a-</subfield>
    <subfield code="v">Historia</subfield>
    <subfield code="9">152929</subfield>
  </datafield>
  <datafield tag="651" ind1=" " ind2="4">
    <subfield code="a">Espa&#xF1;a-</subfield>
    <subfield code="x">Administraci&#xF3;n-</subfield>
    <subfield code="y">S.XVIII</subfield>
    <subfield code="9">144197</subfield>
  </datafield>
  <datafield tag="651" ind1=" " ind2="4">
    <subfield code="a">Espa&#xF1;a-</subfield>
    <subfield code="x">Historia-</subfield>
    <subfield code="y">S.XVIII-</subfield>
    <subfield code="v">Fuentes</subfield>
    <subfield code="9">157994</subfield>
  </datafield>
  <datafield tag="710" ind1="2" ind2=" ">
    <subfield code="a">Editora Nacional (Espa&#xF1;a)</subfield>
    <subfield code="e">edt</subfield>
    <subfield code="9">3433</subfield>
  </datafield>
  <datafield tag="852" ind1="4" ind2=" ">
    <subfield code="a">ES-MaACL</subfield>
    <subfield code="b">R.99093</subfield>
    <subfield code="c">DEPO1</subfield>
    <subfield code="j">A-9942-43 </subfield>
  </datafield>
  <datafield tag="942" ind1=" " ind2=" ">
    <subfield code="c">MONOGRAFIA</subfield>
    <subfield code="n">0</subfield>
  </datafield>
  <datafield tag="999" ind1=" " ind2=" ">
    <subfield code="c">60434</subfield>
    <subfield code="d">60434</subfield>
  </datafield>
  <datafield tag="952" ind1=" " ind2=" ">
    <subfield code="0">0</subfield>
    <subfield code="1">0</subfield>
    <subfield code="4">0</subfield>
    <subfield code="7">0</subfield>
    <subfield code="a">ATENEOM</subfield>
    <subfield code="b">ATENEOM</subfield>
    <subfield code="c">DEPO1</subfield>
    <subfield code="d">2008-01-17</subfield>
    <subfield code="e">SC</subfield>
    <subfield code="l">0</subfield>
    <subfield code="o">A-9942-43</subfield>
    <subfield code="p">1063385</subfield>
    <subfield code="r">2023-02-23 00:00:00</subfield>
    <subfield code="w">2023-02-23</subfield>
    <subfield code="y">MONOGRAFIA</subfield>
  </datafield>
</record>
